[Event "North Sea Cup 23th"]
[Site "Esbjerg"]
[Date "2008.07.17"]
[Round "9"]
[White "Andersen, Vagn Skov"]
[Black "Sande Caceres, Cipriano"]
[Result "0-1"]
[WhiteElo "1778"]
[BlackElo "1792"]
[PlyCount "132"]
[EventDate "2008.07.11"]
[EventType "swiss"]
[EventRounds "10"]
[EventCountry "DEN"]
[SourceTitle "CBM 125 Extra"]
[Source "ChessBase"]
[SourceDate "2008.09.01"]
[SourceVersion "1"]
[SourceVersionDate "2008.09.01"]
[SourceQuality "1"]

1. c4 e5 2. Nc3 Nf6 3. g3 c6 4. e4 d6 5. Bg2 Be6 6. d3 Be7 7. Nge2 0-0 8. 0-0 Nbd7 9. Rb1 Nb6 10. f4 exf4 11. Nxf4 Bg4 12. Qe1 Nh5 13. h3 Nxf4 14. Bxf4 Be6 15. b3 Nd7 16. d4 Nf6 17. Qe2 Qa5 18. Rbc1 Nh5 19. d5 Nxf4 20. gxf4 Bd7 21. Rf3 Rae8 22. Kh2 Bf6 23. Qf2 c5 24. e5 dxe5 25. Ne4 Bd8 26. Nxc5 Bc8 27. Ne4 f5 28. Nd6 e4 29. Rg3 Bf6 30. Nxe8 Rxe8 31. Re3 Bd4 32. Rc2 Qc5 33. Rce2 Bxe3 34. Qxe3 Qxe3 35. Rxe3 b6 36. b4 Rd8 37. Bf1 Kf8 38. Be2 Kf7 39. Bd1 Kf6 40. h4 h6 41. h5 Bd7 42. d6 Ke6 43. c5 bxc5 44. bxc5 Kd5 45. Rc3 Bc6 46. Be2 Kd4 47. Ra3 Kxc5 48. Rxa7 Rxd6 49. Kg3 Bd7 50. a4 Kd5 51. Kf2 e3+ 52. Kg3 g5 53. hxg6 Rxg6+ 54. Kh2 Rd6 55. Rc7 Ke4 56. Rc4+ Rd4 57. Bf3+ Kd3 58. Be2+ Kxe2 59. Rxd4 Bc6 60. Rc4 Be4 61. a5 Kd2 62. Rd4+ Kc3 63. Ra4 e2 64. Ra3+ Kd2 65. Ra2+ Bc2 66. Ra1 e1Q 0-1

[Event "North Sea Cup 23th"]
[Site "Esbjerg"]
[Date "2008.07.15"]
[Round "7"]
[White "Sande Caceres, Cipriano"]
[Black "Mortensen, Carl Heinrich"]
[Result "1-0"]
[WhiteElo "1792"]
[BlackElo "1686"]
[PlyCount "83"]
[EventDate "2008.07.11"]
[EventType "swiss"]
[EventRounds "10"]
[EventCountry "DEN"]
[SourceTitle "CBM 125 Extra"]
[Source "ChessBase"]
[SourceDate "2008.09.01"]
[SourceVersion "1"]
[SourceVersionDate "2008.09.01"]
[SourceQuality "1"]

1. c4 Nf6 2. Nc3 e5 3. g3 Nc6 4. Bg2 b6 5. a3 Bb7 6. e3 Rb8 7. Nge2 Ne7 8. e4 Nc6 9. 0-0 Be7 10. b4 Nd4 11. d3 Ne6 12. f4 exf4 13. Nxf4 0-0 14. Ncd5 Nxf4 15. Bxf4 Nxd5 16. exd5 d6 17. Ra2 Bg5 18. Qg4 Bxf4 19. Qxf4 Bc8 20. Raf2 g6 21. g4 Qh4 22. g5 Qxf4 23. Rxf4 Bf5 24. Be4 Bxe4 25. dxe4 Rbe8 26. h4 Kg7 27. Kg2 Re5 28. Kf3 f5 29. gxf6+ Rxf6 30. Rxf6 Kxf6 31. Ke3+ Kg7 32. Kd4 Rh5 33. Rf4 h6 34. c5 g5 35. hxg5 Rxg5 36. cxb6 axb6 37. a4 Rg3 38. Kc4 h5 39. a5 bxa5 40. bxa5 Rg4 41. Rxg4+ hxg4 42. Kd3 1-0

[Event "North Sea Cup 23th"]
[Site "Esbjerg"]
[Date "2008.07.13"]
[Round "4"]
[White "Hansen, Erik Hedegaard"]
[Black "Sande Caceres, Cipriano"]
[Result "1-0"]
[WhiteElo "1818"]
[BlackElo "1792"]
[PlyCount "69"]
[EventDate "2008.07.11"]
[EventType "swiss"]
[EventRounds "10"]
[EventCountry "DEN"]
[SourceTitle "CBM 125 Extra"]
[Source "ChessBase"]
[SourceDate "2008.09.01"]
[SourceVersion "1"]
[SourceVersionDate "2008.09.01"]
[SourceQuality "1"]

1. d4 Nf6 2. c4 e6 3. e3 c5 4. Nf3 b6 5. Nc3 Bb7 6. d5 exd5 7. cxd5 d6 8. Be2 Be7 9. 0-0 0-0 10. e4 Nbd7 11. Ne1 Ne8 12. Nd3 Ba6 13. Re1 Bf6 14. Be3 Ne5 15. Nxe5 Bxe2 16. Rxe2 dxe5 17. d6 Qxd6 18. Rd2 Qc6 19. Rd7 Nc7 20. Rd6 Qe8 21. Qg4 Qc8 22. Rd7 Rd8 23. Rad1 Rxd7 24. Rxd7 Ne6 25. Nd5 Kf8 26. Nxf6 gxf6 27. Bh6+ Ke8 28. Rd6 Ke7 29. Rd5 Qg8 30. Qd1 Rd8 31. Qa4 Rxd5 32. exd5 Nd4 33. Qxa7+ Kd6 34. Qb7 Qg6 35. Bf8# 1-0